000
00326 a2200157 4500
001
150210
040
_c
Escola São Tomás de Aquino
100
_a
PORTO, Líria
240
1
0
_a
Asa de passarinho
_l
por
245
1
0
_a
Asa de passarinho
300
_a
37
362
0
_a
2014
440
1
_a
Lê
697
_a
Poesia
942
_c
BK
999
_c
150210
_d
150210